• 首页
  • 本馆介绍
  • 公告通知
  • 最新文献
  • 馆藏检索
  • 电子资源
  • 读者导购
  • 参考咨询
  • 我的图书馆
  • 登录
  • 详细信息显示
  • 放入我的书架
  • 预约/预借图书
  • 作者相关作品
  • 分类相关作品
  • 丛书相关作品
  • 出版社相关作品

书目信息

  • 表格格式
  • 工作单格式
  • 卡片格式
题名:
Flash动画设计与制作项目化教程
    
 
作者: 何武超 , 黄华丰 主编
分册:  
出版信息: 青岛   中国海洋大学出版社  2010.08
页数: 211页
开本: 26cm
丛书名:
单 册:
中图分类: TP391.414 , TP391.41
科图分类:
主题词: 动画制作软件--高等职业教育--教材 , 动画制作软件
电子资源:
ISBN: 978-7-81125-452-5
000 01082nam0 2200277 450
001 5410
005 20181015171951.50
010    @a978-7-81125-452-5@dCNY29.00
100    @a20130329d2010 em y0chiy50 ea
101 0  @achi
102    @aCN@b370000
105    @aa z 000yy
200 1  @aFlash动画设计与制作项目化教程@9Flash dong hua she ji yu zhi zuo xiang mu hua jiao cheng@f何武超,黄华丰主编
210    @a青岛@c中国海洋大学出版社@d2010.08
215    @a211页@c图@d26cm
300    @a高职高专“十二五”规划教材·计算机类
330    @a本书从初学者的学习要求出发,以Flash CS4为软件基础,以项目为教学组织形式,以任务为单元,详细介绍了Flash的操作环境,各种工具和命令的使用,元件、图层、面板、滤镜、动作脚本等方面的知识,且自始至终从行业的角度阐述项目的制作流程。
606 0  @a动画制作软件@x高等职业教育@j教材
606 0  @a动画制作软件
610 0  @aFlash
690    @aTP391.414@v5
690    @aTP391.41@v4
701  0 @a何武超@9he wu chao@c(女)@4主编
701  0 @a黄华丰@9huang hua feng@f(1979~)@4主编
801  0 @aCN@b91MARC@c20130904
905    @aMuseLib@dTP391.41@e1646
    
    Flash动画设计与制作项目化教程/何武超,黄华丰主编.-青岛:中国海洋大学出版社,2010.08
    211页:图;26cm
    高职高专“十二五”规划教材·计算机类
    
    ISBN 978-7-81125-452-5:CNY29.00
    本书从初学者的学习要求出发,以Flash CS4为软件基础,以项目为教学组织形式,以任务为单元,详细介绍了Flash的操作环境,各种工具和命令的使用,元件、图层、面板、滤镜、动作脚本等方面的知识,且自始至终从行业的角度阐述项目的制作流程。
●
相关链接 在E读中查询图书 在五车中查询图书 在当当中查询图书 在豆瓣中查询图书


正题名:Flash动画设计与制作项目化教程     索取号:TP391.41/1646         预约/预借

序号 登录号 条形码 馆藏地/架位号 状态 备注
1 1129570   211295702   第二样本阅览室/ [索取号:TP391.41/1646] 在馆    
2 1129571   211295711   第三借阅区/ [索取号:TP391.41/1646] 在馆    
3 1129572   211295720   第三借阅区/ [索取号:TP391.41/1646] 在馆    
4 1129573   211295739   第三借阅区/ [索取号:TP391.41/1646] 在馆    
5 1129574   211295748   第三借阅区/ [索取号:TP391.41/1646] 在馆    
欢迎您!
大连网信软件有限公司© 版权所有